01545nam a22002417a 4500003000900000008004100009040007100050082004500121110005500166245006800221260003300289300002900322440006400351505066700415650001801082650001501100650001501115700002801130700002901158700003001187700003101217710005501248AR-CdUCM190425b ||||| |||| 00| 0 spa d aMUNICIPALIDAD PROVINCIAL DEL CUSCOcBIBLIOTECA MUNICIPAL DEL CUSCO aRev.Univ/N°83/1942bRev.Univ/N°83/1942 aUniversidad Nacional de San Antonio Abad del Cusco aRevista Universitaria :bÓrgano de la Universidad del Cuzco / aCusco :bH. G. Rozas,c1942. a222 páginas. :c20 cm. aRevista UniversitarianAño XXXI, 2° semestre 1942, N°83 aContenido: Aclarando sobre la revolución de 1780. Julián Santisteban Ochoa. -- Rebelión de José Gabriel Condorcanqui Túpac Amaru II. Julia César Miranda. -- El Cuzco visto por un argentino. Fernando Márquez Miranda. -- Nuevas especies de bomarea y stenomesson. César Vargas. -- El Ccoricancha. Jorge Cornejo Bouroncle. -- Cuestiones prejudiciales. César Muñiz. -- Fisiología de la Amazonia brasilera. Napoleón López Pilho. -- Las vitaminas en el aceite del tricomisterus dispar suche. Leónidas Hurtado Povea. -- Thupac Amaru II. José Gabriel Cosío. -- Ensayo sobre legislación peruana pro indígena. -- Crónica universitaria. aTúpac Amaru aBotánica aQorikancha aCosío, José Gabriel aCornejo Bouroncle, Jorge aLópez Pilho, Napoleón aHurtado Povea, Leónidas  aUniversidad Nacional de San Antonio Abad del Cusco